Statistics for Capitals of countries

Click here to take the quiz!

General Stats

  • This quiz has been taken 19 times
  • The average score is 25 of 28

Answer Stats

CountryCapital% Correct
GermanyBerlin
100%
BelgiumBrussels
100%
DenmarkCopenhagen
100%
IrelandDublin
100%
RussiaMoscow
100%
SwedenStockholm
100%
JapanTokyo
100%
ArgentinaBuenos Aires
95%
EgyptCairo
95%
CubaHavana
95%
IsraelJerusalem
95%
UkraineKiev
95%
PortugalLisbon
95%
ChileSantiago
95%
New ZealandWellington
95%
IraqBaghdad
89%
ThailandBangkok
89%
IndonesiaJakarta
84%
TaiwanTaipei
84%
IranTehran
84%
LibyaTripoli
84%
GhanaAccra
79%
NepalKathmandu
79%
BelarusMinsk
79%
Saudi ArabiaRiyadh
79%
BangladeshDhaka
74%
EthiopiaAddis Ababa
68%
SenegalDakar
63%

Score Distribution

Percentile by Number Answered

Percent of People with Each Score

Your Score History

You have not taken this quiz